Brewer's dictionary of phrase and fable. (18th ed.) (Record no. 36115)
[ view plain ]
| 000 -LEADER | |
|---|---|
| fixed length control field | 00717nam a2200193 a 4500 |
| 008 - FIXED-LENGTH DATA ELEMENTS--GENERAL INFORMATION | |
| fixed length control field | 130419s2009 ||||||||||||||||| || u |
| 020 ## - INTERNATIONAL STANDARD BOOK NUMBER | |
| International Standard Book Number | 9780550100306 |
| 050 ## - LIBRARY OF CONGRESS CALL NUMBER | |
| Classification number | PN 43 Bre |
| 100 ## - MAIN ENTRY--PERSONAL NAME | |
| Personal name | Rockwood, Camilla |
| 245 10 - TITLE STATEMENT | |
| Title | Brewer's dictionary of phrase and fable. (18th ed.) |
| Statement of responsibility, etc. | edited by Camilla Rockwood |
| 250 ## - EDITION STATEMENT | |
| Edition statement | 18th ed. |
| 260 ## - PUBLICATION, DISTRIBUTION, ETC. | |
| Place of publication, distribution, etc. | London: |
| Name of publisher, distributor, etc. | Chambers Harrap Publishers Ltd |
| Date of publication, distribution, etc. | 2009 |
| 300 ## - PHYSICAL DESCRIPTION | |
| Extent | xxv, 1460p. |
| 650 ## - SUBJECT ADDED ENTRY--TOPICAL TERM | |
| Topical term or geographic name entry element | MYTHOLOGY--DICTIONARIES |
| 650 ## - SUBJECT ADDED ENTRY--TOPICAL TERM | |
| Topical term or geographic name entry element | ALLUSIONS |
| 650 ## - SUBJECT ADDED ENTRY--TOPICAL TERM | |
| Topical term or geographic name entry element | ENGLISH LANGUAGE--TERMS AND PHRASES--DICTIONARIES |
| 650 ## - SUBJECT ADDED ENTRY--TOPICAL TERM | |
| Topical term or geographic name entry element | LITERATURE--DICTIONARIES |
| 995 ## - RECOMMENDATION 995 [LOCAL, UNIMARC FRANCE] | |
| -- | CBU-MAIN LIBRARY (Kitwe) |
| -- | 1 |
| -- | REFERENCE |
| -- | Jun 20, 2013 |
| -- | Reference Collection |
| Withdrawn status | Lost status | Source of classification or shelving scheme | Damaged status | Not for loan | Home library | Current library | Shelving location | Date acquired | Total Checkouts | Full call number | Barcode | Date last seen | Price effective from | Koha item type |
|---|---|---|---|---|---|---|---|---|---|---|---|---|---|---|
| CBU-MAIN LIBRARY, KITWE. | CBU-MAIN LIBRARY, KITWE. | 11/30/2022 | PN 43 Bre | 743975 | 11/30/2022 | 11/30/2022 | MONOGRAPH |